[Event "Montcalm 2 2007-08"]
[Site "Quebec CAN"]
[Date "2007.10.18"]
[Round "2"]
[White "Sauve, Richard"]
[Black "Caire, Francois"]
[Result "1/2-1/2"]
[WhiteElo "1956"]
[BlackElo "2229"]
[PlyCount "232"]
[GameId "2160767910578900"]
[EventDate "2007.10.11"]
[EventType "swiss"]
[EventRounds "5"]
[EventCountry "CAN"]
[SourceTitle "EXT 2022"]
[Source "ChessBase"]
[SourceDate "2021.10.06"]
[SourceVersion "1"]
[SourceVersionDate "2021.10.06"]
[SourceQuality "1"]

1. d4 Nf6 2. c4 e6 3. Nc3 Bb4 4. Qc2 O-O 5. a3 Bxc3+ 6. Qxc3 b6 7. Bg5 Bb7 8. e3 d6 9. f3 Nbd7 10. Bd3 c5 11. Ne2 Rc8 12. Qb3 h6 13. Bh4 cxd4 14. exd4 d5 15. O-O Qc7 16. Rac1 Qb8 17. Bg3 Qa8 18. Rc2 Ba6 19. Rfc1 dxc4 20. Bxc4 Bxc4 21. Rxc4 Nd5 22. Qa4 Rxc4 23. Qxc4 N7f6 24. Be5 Rd8 25. Ng3 Qb7 26. Ne4 Nxe4 27. fxe4 Ne7 28. Qd3 Nc6 29. Qg3 Nxe5 30. Qxe5 Qd7 31. Rc7 Qxd4+ 32. Qxd4 Rxd4 33. Rxa7 Rd1+ 34. Kf2 Rd2+ 35. Kf3 Rxb2 36. a4 g5 37. h3 Rb3+ 38. Kf2 Rb2+ 39. Kf3 Rb3+ 40. Kf2 Kg7 41. a5 Rb4 42. Kf3 Rb3+ 43. Kf2 bxa5 44. Rxa5 Kg6 45. Rc5 Rb2+ 46. Kf3 Rb3+ 47. Kf2 Ra3 48. Rb5 Ra2+ 49. Kf3 Ra3+ 50. Kf2 Kf6 51. Rc5 Ra2+ 52. Kf3 Ra3+ 53. Kf2 Rb3 54. Ra5 Rc3 55. Rb5 Rc2+ 56. Kf3 Rc3+ 57. Kf2 Kg6 58. Ra5 Rc2+ 59. Kf3 Rc3+ 60. Kf2 h5 61. Rb5 Ra3 62. Rc5 Ra2+ 63. Kf3 Ra3+ 64. Kf2 Rb3 65. Ra5 Rb4 66. Kf3 Rb3+ 67. Kf2 Rc3 68. Rb5 Rc2+ 69. Kf3 Rc3+ 70. Kf2 h4 71. Ra5 Rc2+ 72. Kf3 Rc3+ 73. Kf2 Rg3 74. Rb5 Rd3 75. Ra5 Rd2+ 76. Kf3 Rd3+ 77. Kf2 Rg3 78. Rb5 Ra3 79. Rc5 Ra2+ 80. Kf3 Ra3+ 81. Kf2 Rb3 82. Ra5 Rb2+ 83. Kf3 Rb3+ 84. Kf2 f6 85. Ra6 e5 86. Ra7 Rb4 87. Kf3 Rb3+ 88. Kf2 Rg3 89. Ra8 g4 90. hxg4 Rxg4 91. Kf3 Rg3+ 92. Kf2 Rg4 93. Kf3 Rg3+ 94. Kf2 Kg5 95. Rh8 Rg4 96. Kf3 Rg3+ 97. Kf2 Ra3 98. Rh7 Kg4 99. Rh6 Ra2+ 100. Ke3 Rxg2 101. Rg6+ Kh3 102. Rxf6 Rg3+ 103. Kf2 Rg4 104. Kf3 Rg3+ 105. Kf2 Kg4 106. Re6 Kf4 107. Rh6 Rg4 108. Ra6 Kxe4 109. Rh6 Rf4+ 110. Ke2 Kf5 111. Ke3 e4 112. Rh5+ Kg6 113. Re5 h3 114. Kxf4 h2 115. Re6+ Kg7 116. Re7+ Kg6 1/2-1/2

[Event "Montcalm 2 2007-08"]
[Site "Quebec CAN"]
[Date "2007.10.25"]
[Round "3"]
[White "Auger, Bertrand"]
[Black "Sauve, Richard"]
[Result "1-0"]
[WhiteElo "2031"]
[BlackElo "1956"]
[PlyCount "91"]
[GameId "2160767910578901"]
[EventDate "2007.10.11"]
[EventType "swiss"]
[EventRounds "5"]
[EventCountry "CAN"]
[SourceTitle "EXT 2022"]
[Source "ChessBase"]
[SourceDate "2021.10.06"]
[SourceVersion "1"]
[SourceVersionDate "2021.10.06"]
[SourceQuality "1"]

1. c4 e6 2. g3 d5 3. Nf3 Nf6 4. Bg2 Be7 5. O-O O-O 6. b3 c5 7. cxd5 Qxd5 8. Bb2 Qd6 9. Ne5 Nfd7 10. Nc4 Qc7 11. Nba3 a6 12. d4 cxd4 13. Qxd4 Bf6 14. Qd2 Bxb2 15. Qxb2 Nc6 16. Rfd1 Nf6 17. Rd2 Bd7 18. Rad1 Rfd8 19. Nd6 Be8 20. Nac4 Rab8 21. e4 b5 22. Ne3 e5 23. Nxe8 Nxe8 24. Rc1 Qb7 25. Nf5 g6 26. Rxc6 gxf5 27. exf5 Qe7 28. Rxd8 Rxd8 29. Qc2 a5 30. Rc8 b4 31. Rxd8 Qxd8 32. Qe2 Qd4 33. h4 Nf6 34. Bf3 e4 35. Bg2 Qe5 36. g4 Qf4 37. g5 Ng4 38. Bxe4 Qh2+ 39. Kf1 Qxh4 40. Bd5 Kg7 41. f6+ Nxf6 42. gxf6+ Qxf6 43. Qf3 Qa1+ 44. Kg2 Qxa2 45. Qxf7+ Kh6 46. Qf6+ 1-0

[Event "Montcalm 2 2007-08"]
[Site "Quebec CAN"]
[Date "2007.10.25"]
[Round "3"]
[White "Caire, Francois"]
[Black "Bonneau, Daniel"]
[Result "1/2-1/2"]
[WhiteElo "2229"]
[BlackElo "1996"]
[PlyCount "52"]
[GameId "2160767910578902"]
[EventDate "2007.10.11"]
[EventType "swiss"]
[EventRounds "5"]
[EventCountry "CAN"]
[SourceTitle "EXT 2022"]
[Source "ChessBase"]
[SourceDate "2021.10.06"]
[SourceVersion "1"]
[SourceVersionDate "2021.10.06"]
[SourceQuality "1"]

1. d4 Nf6 2. c4 g6 3. Nc3 Bg7 4. e4 d6 5. Nf3 O-O 6. Be2 e5 7. O-O Nc6 8. d5 Ne7 9. Ne1 Nd7 10. Be3 f5 11. f3 f4 12. Bf2 g5 13. Rc1 Rf6 14. Nd3 Rh6 15. c5 a6 16. c6 bxc6 17. dxc6 Nf8 18. Nd5 Nxd5 19. exd5 Qe8 20. g4 fxg3 21. Bxg3 Ng6 22. Nf2 Nf4 23. b4 Nh5 24. Kg2 Nf4+ 25. Kg1 Nh5 26. Kg2 Nf4+ 1/2-1/2

[Event "Montcalm 2 2007-08"]
[Site "Quebec CAN"]
[Date "2007.10.25"]
[Round "3"]
[White "Caron, Sebastien"]
[Black "Beauchemin, Pierre"]
[Result "1-0"]
[WhiteElo "1931"]
[BlackElo "1668"]
[PlyCount "31"]
[GameId "2160767910578903"]
[EventDate "2007.10.11"]
[EventType "swiss"]
[EventRounds "5"]
[EventCountry "CAN"]
[SourceTitle "EXT 2022"]
[Source "ChessBase"]
[SourceDate "2021.10.06"]
[SourceVersion "1"]
[SourceVersionDate "2021.10.06"]
[SourceQuality "1"]

1. e4 d5 2. exd5 Qxd5 3. Nc3 Qa5 4. Nf3 Nf6 5. Bc4 Bf5 6. O-O e6 7. Re1 Nbd7 8. d3 c6 9. Bf4 Be7 10. Qe2 O-O 11. Nd4 Kh8 12. a3 Bg6 13. b4 Qd8 14. Bxe6 fxe6 15. Nxe6 Qb6 16. Bc7 1-0

[Event "Montcalm 2 2007-08"]
[Site "Quebec CAN"]
[Date "2007.10.25"]
[Round "3"]
[White "Lapierre, Gaetan"]
[Black "Cummins, Paul"]
[Result "0-1"]
[WhiteElo "1847"]
[BlackElo "1736"]
[PlyCount "140"]
[GameId "2160767910578904"]
[EventDate "2007.10.11"]
[EventType "swiss"]
[EventRounds "5"]
[EventCountry "CAN"]
[SourceTitle "EXT 2022"]
[Source "ChessBase"]
[SourceDate "2021.10.06"]
[SourceVersion "1"]
[SourceVersionDate "2021.10.06"]
[SourceQuality "1"]

1. e4 e5 2. Nf3 d6 3. d4 Bg4 4. dxe5 Nd7 5. Be2 dxe5 6. c3 Ngf6 7. Qc2 h6 8. O-O Bd6 9. Nbd2 Qe7 10. a3 c6 11. b4 O-O 12. Nc4 Bc7 13. Ne3 Be6 14. Nh4 Nh7 15. Nhf5 Bxf5 16. Nxf5 Qf6 17. h4 Rfd8 18. g3 Ndf8 19. Bc4 Ne6 20. Kg2 Nhf8 21. Qe2 Ng6 22. Qh5 Rd7 23. Rh1 Rad8 24. Bxe6 Qxe6 25. Bg5 Qc4 26. Bxd8 Qxe4+ 27. Qf3 Qxf3+ 28. Kxf3 Rxd8 29. Rad1 e4+ 30. Ke2 Rxd1 31. Rxd1 Ne5 32. Nd6 Kf8 33. Nxe4 Ke7 34. Nc5 b6 35. Nd3 Nc4 36. Ra1 Bb8 37. Ra2 Ke6 38. a4 Nd6 39. Nb2 Ne4 40. Nd1 Be5 41. Kd3 f5 42. Re2 Kf6 43. Rxe4 fxe4+ 44. Kxe4 Bd6 45. b5 cxb5 46. axb5 h5 47. f4 g6 48. Nf2 Bc5 49. Nd3 Bg1 50. Ne5 Bh2 51. Kf3 Bg1 52. Nc6 Ke6 53. Ke4 Bh2 54. Nd4+ Kd6 55. Ne2 Kc5 56. Kf3 Kxb5 57. Kg2 Bxg3 58. Nxg3 a5 59. f5 gxf5 60. Nxf5 a4 61. Nd4+ Kc4 62. Kf3 Kxc3 63. Nb5+ Kb4 64. Nd4 a3 65. Ke3 Kc3 66. Nb5+ Kb2 67. Nxa3 Kxa3 68. Kd4 b5 69. Kc3 b4+ 70. Kc2 Ka2 0-1

[Event "Montcalm 2 2007-08"]
[Site "Quebec CAN"]
[Date "2007.10.25"]
[Round "3"]
[White "Myre, Eric"]
[Black "Chiffot, Nicolas"]
[Result "0-1"]
[WhiteElo "1927"]
[BlackElo "1918"]
[PlyCount "96"]
[GameId "2160767910578905"]
[EventDate "2007.10.11"]
[EventType "swiss"]
[EventRounds "5"]
[EventCountry "CAN"]
[SourceTitle "EXT 2022"]
[Source "ChessBase"]
[SourceDate "2021.10.06"]
[SourceVersion "1"]
[SourceVersionDate "2021.10.06"]
[SourceQuality "1"]

1. d4 Nf6 2. c4 g6 3. Nc3 Bg7 4. e4 d6 5. f3 e5 6. d5 Nh5 7. Be3 Na6 8. Qd2 Qh4+ 9. g3 Nxg3 10. Qf2 Nxf1 11. Qxh4 Nxe3 12. Kf2 Nxc4 13. b3 Nb6 14. Nge2 Bd7 15. Rhd1 O-O 16. Rac1 f5 17. Kg2 Bf6 18. Qg3 f4 19. Qf2 Rf7 20. Rh1 g5 21. Rcg1 Kh8 22. h3 Rg8 23. a4 Nc8 24. Nb5 Rfg7 25. Nxa7 Ne7 26. Nb5 Ng6 27. Nbc3 Nh4+ 28. Kf1 Be8 29. Nb1 Bh5 30. Nd2 Nb4 31. Nc3 Nc2 32. Nb5 Be7 33. Ke2 c6 34. Rc1 Ne3 35. dxc6 bxc6 36. Rxc6 d5 37. Nc3 dxe4 38. Ncxe4 Nef5 39. Rhc1 Nxf3 40. Nxf3 Nd4+ 41. Kd3 Bxf3 42. Rc8 Be2+ 43. Kd2 Bb4+ 44. R8c3 Rc7 45. Qg2 Bf3 46. Qg1 Bxe4 47. Qe1 Rxc3 48. Rxc3 Nf3+ 0-1

[Event "Montcalm 2 2007-08"]
[Site "Quebec CAN"]
[Date "2007.10.25"]
[Round "3"]
[White "Tremblay, Rejean"]
[Black "Cournoyer, Dominic"]
[Result "1-0"]
[WhiteElo "2245"]
[BlackElo "1953"]
[PlyCount "83"]
[GameId "2160767910578906"]
[EventDate "2007.10.11"]
[EventType "swiss"]
[EventRounds "5"]
[EventCountry "CAN"]
[SourceTitle "EXT 2022"]
[Source "ChessBase"]
[SourceDate "2021.10.06"]
[SourceVersion "1"]
[SourceVersionDate "2021.10.06"]
[SourceQuality "1"]

1. e4 d5 2. exd5 Nf6 3. Bb5+ Bd7 4. Bc4 Bg4 5. f3 Bf5 6. Nc3 Nbd7 7. Qe2 Nb6 8. Bb3 Qd7 9. d3 Nfxd5 10. Bd2 O-O-O 11. Ne4 e6 12. a4 Nf6 13. Qf2 Kb8 14. a5 Nbd5 15. Ba4 c6 16. Ne2 Bxe4 17. fxe4 Nb4 18. O-O Ka8 19. Bc3 Be7 20. h3 Na6 21. Bd4 Qc7 22. Bxa7 Qe5 23. Bb6 Rd7 24. Bb3 Bd6 25. g3 h5 26. Bc4 h4 27. g4 Nh7 28. Bd4 Qg5 29. Be3 Qg6 30. Bxa6 bxa6 31. Nd4 c5 32. Nf3 f5 33. exf5 exf5 34. Nxh4 Qf6 35. Nxf5 Bc7 36. Qg2+ Kb8 37. Ra3 Bxa5 38. Rxa5 Ng5 39. Bxg5 Qxg5 40. Rxa6 Rb7 41. Rfa1 Rd8 42. Qc6 1-0

[Event "Montcalm 2 2007-08"]
[Site "Quebec CAN"]
[Date "2007.11.01"]
[Round "4"]
[White "Beauchemin, Pierre"]
[Black "Cummins, Paul"]
[Result "0-1"]
[WhiteElo "1668"]
[BlackElo "1736"]
[PlyCount "106"]
[GameId "2160767910578907"]
[EventDate "2007.10.11"]
[EventType "swiss"]
[EventRounds "5"]
[EventCountry "CAN"]
[SourceTitle "EXT 2022"]
[Source "ChessBase"]
[SourceDate "2021.10.06"]
[SourceVersion "1"]
[SourceVersionDate "2021.10.06"]
[SourceQuality "1"]

1. Nf3 c5 2. g3 g6 3. Bg2 Bg7 4. O-O Nf6 5. d3 d5 6. Re1 Nc6 7. e4 dxe4 8. dxe4 Qxd1 9. Rxd1 Nxe4 10. Nbd2 Nf6 11. Nc4 O-O 12. Nce5 Nb4 13. Rd2 Bh6 14. Re2 Bxc1 15. Rxc1 Nxa2 16. Rd1 Nb4 17. c3 Nbd5 18. h3 a5 19. Ng5 Nc7 20. Ra1 e6 21. Nc4 h6 22. Ne4 Nxe4 23. Bxe4 Nd5 24. Rxa5 Rxa5 25. Nxa5 b6 26. Nc4 Ba6 27. Bd3 Rd8 28. Ne5 Bxd3 29. Nxd3 Nxc3 30. bxc3 Rxd3 31. Rb2 Rxc3 32. Rxb6 Rc1+ 33. Kg2 c4 34. Kf3 c3 35. Ke3 c2 36. Kd2 Rb1 37. Rc6 Rf1 38. Kxc2 Rxf2+ 39. Kd1 Rf3 40. Ke2 Rxg3 41. Kf2 Rxh3 42. Rc4 Kg7 43. Rd4 f5 44. Rd7+ Kf6 45. Kg2 Rc3 46. Kg1 Rc2 47. Kf1 g5 48. Kg1 g4 49. Kf1 f4 50. Kg1 f3 51. Kf1 g3 52. Kg1 Rc1+ 53. Rd1 Rxd1# 0-1

[Event "Montcalm 2 2007-08"]
[Site "Quebec CAN"]
[Date "2007.11.01"]
[Round "4"]
[White "Bonneau, Daniel"]
[Black "Auger, Bertrand"]
[Result "1-0"]
[WhiteElo "1996"]
[BlackElo "2031"]
[PlyCount "59"]
[GameId "2160767910578908"]
[EventDate "2007.10.11"]
[EventType "swiss"]
[EventRounds "5"]
[EventCountry "CAN"]
[SourceTitle "EXT 2022"]
[Source "ChessBase"]
[SourceDate "2021.10.06"]
[SourceVersion "1"]
[SourceVersionDate "2021.10.06"]
[SourceQuality "1"]

1. d4 e6 2. c4 Nf6 3. Nf3 b6 4. a3 Bb7 5. Nc3 Be7 6. d5 exd5 7. cxd5 O-O 8. e4 d6 9. Be2 Re8 10. Nd4 a6 11. O-O Bf8 12. f3 g6 13. Bg5 h6 14. Bh4 Bg7 15. Rc1 Nbd7 16. Na2 g5 17. Bf2 Ne5 18. Nb4 Ng6 19. Qc2 Nf4 20. Rfe1 Nxe2+ 21. Rxe2 a5 22. Nbc6 Qd7 23. Qd1 g4 24. Nf5 Bf8 25. Bh4 gxf3 26. gxf3 Nh7 27. Rg2+ Kh8 28. Qd4+ f6 29. Bxf6+ Nxf6 30. Qxf6+ 1-0

[Event "Montcalm 2 2007-08"]
[Site "Quebec CAN"]
[Date "2007.11.01"]
[Round "4"]
[White "Chiffot, Nicolas"]
[Black "Lapierre, Gaetan"]
[Result "1/2-1/2"]
[WhiteElo "1918"]
[BlackElo "1847"]
[PlyCount "89"]
[GameId "2160767910578909"]
[EventDate "2007.10.11"]
[EventType "swiss"]
[EventRounds "5"]
[EventCountry "CAN"]
[SourceTitle "EXT 2022"]
[Source "ChessBase"]
[SourceDate "2021.10.06"]
[SourceVersion "1"]
[SourceVersionDate "2021.10.06"]
[SourceQuality "1"]

1. d4 Nf6 2. c4 g6 3. g3 Bg7 4. Bg2 O-O 5. Nc3 d6 6. Nf3 Nbd7 7. O-O e5 8. e4 c6 9. b3 Re8 10. Bb2 a6 11. a4 Rb8 12. Ba3 Bf8 13. dxe5 dxe5 14. Bxf8 Kxf8 15. Qd6+ Qe7 16. Rfd1 Qxd6 17. Rxd6 Kg7 18. a5 Nc5 19. Nd2 Be6 20. b4 Ncd7 21. c5 Red8 22. Rd1 Ne8 23. Rd3 Nf8 24. Nf1 Rxd3 25. Rxd3 f6 26. Ne3 Kf7 27. f3 Ke7 28. Bf1 Rd8 29. Rxd8 Kxd8 30. Kf2 Ke7 31. Ke1 Nd7 32. Kd2 f5 33. exf5 gxf5 34. Bd3 Kf6 35. g4 Ng7 36. gxf5 Bxf5 37. Bxf5 Nxf5 38. Ne4+ Kg6 39. Nxf5 Kxf5 40. Ke3 Nf6 41. Nd6+ Ke6 42. Nxb7 Nd5+ 43. Ke4 Nxb4 44. Nd6 Nd5 45. Nc4 1/2-1/2

[Event "Montcalm 2 2007-08"]
[Site "Quebec CAN"]
[Date "2007.11.01"]
[Round "4"]
[White "Cournoyer, Dominic"]
[Black "Sauve, Richard"]
[Result "0-1"]
[WhiteElo "1953"]
[BlackElo "1956"]
[PlyCount "78"]
[GameId "2160767910578910"]
[EventDate "2007.10.11"]
[EventType "swiss"]
[EventRounds "5"]
[EventCountry "CAN"]
[SourceTitle "EXT 2022"]
[Source "ChessBase"]
[SourceDate "2021.10.06"]
[SourceVersion "1"]
[SourceVersionDate "2021.10.06"]
[SourceQuality "1"]

1. c4 e6 2. Nc3 d5 3. e3 c6 4. Nf3 Bd6 5. d4 f5 6. Be2 Nf6 7. c5 Bc7 8. h3 O-O 9. O-O Ne4 10. Bd2 Nd7 11. Ne1 Kh8 12. f4 Ng3 13. Rf3 Nxe2+ 14. Qxe2 Nf6 15. Nd3 Bd7 16. Be1 Be8 17. Rf1 Bh5 18. Qf2 Ne4 19. Nxe4 fxe4 20. Nc1 g5 21. g4 gxf4 22. gxh5 f3 23. Qh4 Rg8+ 24. Kh1 Rg2 25. Qxd8+ Rxd8 26. Rf2 Rdg8 27. Ne2 Rxf2 28. Bxf2 Rg2 29. Bh4 Rh2+ 30. Kg1 Rxe2 31. Kh1 Rh2+ 32. Kg1 Rxh3 33. Bf6+ Kg8 34. Kf2 Rh2+ 35. Kg1 Rxh5 36. a4 Kf7 37. Be5 Bxe5 38. dxe5 Rxe5 39. Kf2 Rh5 0-1

[Event "Montcalm 2 2007-08"]
[Site "Quebec CAN"]
[Date "2007.11.01"]
[Round "4"]
[White "Tremblay, Rejean"]
[Black "Caire, Francois"]
[Result "1-0"]
[WhiteElo "2245"]
[BlackElo "2229"]
[PlyCount "71"]
[GameId "2160767910578911"]
[EventDate "2007.10.11"]
[EventType "swiss"]
[EventRounds "5"]
[EventCountry "CAN"]
[SourceTitle "EXT 2022"]
[Source "ChessBase"]
[SourceDate "2021.10.06"]
[SourceVersion "1"]
[SourceVersionDate "2021.10.06"]
[SourceQuality "1"]

1. d4 d5 2. c4 e6 3. Nc3 Nf6 4. Bg5 Be7 5. Rc1 O-O 6. e3 Nbd7 7. Nf3 c6 8. Bd3 dxc4 9. Bxc4 Nd5 10. Bxe7 Qxe7 11. O-O Nxc3 12. Rxc3 b6 13. Bd3 Bb7 14. Be4 Rac8 15. Qc2 Qd6 16. Bxh7+ Kh8 17. Ng5 g6 18. e4 Kg7 19. e5 Qe7 20. Rg3 c5 21. Re1 cxd4 22. Qd2 Rh8 23. Rh3 Kf8 24. Qf4 d3 25. Rxd3 Kg7 26. Rxd7 Qxd7 27. Qf6+ Kh6 28. Bg8 Rhxg8 29. Nxf7+ Kh7 30. Ng5+ Kh6 31. Nxe6 Rc4 32. f4 Rxf4 33. Qxf4+ g5 34. Qf6+ Kh5 35. Qf5 Qe7 36. Re3 1-0

[Event "Montcalm 2 2007-08"]
[Site "Quebec CAN"]
[Date "2007.11.08"]
[Round "5"]
[White "Auger, Bertrand"]
[Black "Tremblay, Rejean"]
[Result "1/2-1/2"]
[WhiteElo "2031"]
[BlackElo "2245"]
[PlyCount "63"]
[GameId "2160767910578912"]
[EventDate "2007.10.11"]
[EventType "swiss"]
[EventRounds "5"]
[EventCountry "CAN"]
[SourceTitle "EXT 2022"]
[Source "ChessBase"]
[SourceDate "2021.10.06"]
[SourceVersion "1"]
[SourceVersionDate "2021.10.06"]
[SourceQuality "1"]

1. Nf3 g6 2. g3 Bg7 3. d4 Nf6 4. Bg2 O-O 5. O-O d6 6. c4 Nbd7 7. Nc3 e5 8. dxe5 dxe5 9. h3 Re8 10. Bg5 h6 11. Be3 c6 12. Qd2 Kh7 13. Rad1 Qe7 14. Qc2 Bf8 15. Kh2 a6 16. Nd2 Qe6 17. f3 Nh5 18. Bf2 f5 19. e4 f4 20. g4 Ng3 21. Rfe1 h5 22. Ne2 Bc5 23. Bxc5 Nxc5 24. Nf1 hxg4 25. fxg4 Nxe2 26. Rxe2 Qe7 27. Nd2 a5 28. Nf3 Kg7 29. b3 Rh8 30. Kg1 b6 31. Qc3 Re8 32. Qe1 1/2-1/2

[Event "Montcalm 2 2007-08"]
[Site "Quebec CAN"]
[Date "2007.11.08"]
[Round "5"]
[White "Caire, Francois"]
[Black "Cournoyer, Dominic"]
[Result "1-0"]
[WhiteElo "2229"]
[BlackElo "1953"]
[PlyCount "53"]
[GameId "2160767910578913"]
[EventDate "2007.10.11"]
[EventType "swiss"]
[EventRounds "5"]
[EventCountry "CAN"]
[SourceTitle "EXT 2022"]
[Source "ChessBase"]
[SourceDate "2021.10.06"]
[SourceVersion "1"]
[SourceVersionDate "2021.10.06"]
[SourceQuality "1"]

1. d4 d5 2. Nf3 Nf6 3. c4 c6 4. Nc3 Bf5 5. cxd5 cxd5 6. Qb3 b6 7. Bf4 a6 8. e3 e6 9. Bxb8 Qxb8 10. Bxa6 Bd6 11. Be2 h5 12. Nb5 h4 13. Nxd6+ Qxd6 14. h3 Rc8 15. O-O Ne4 16. Rfc1 Ke7 17. Rxc8 Rxc8 18. Nxh4 Kf6 19. Nxf5 exf5 20. Bd3 Ng5 21. Qd1 Rh8 22. f4 Nxh3+ 23. gxh3 Rxh3 24. Qd2 Ke7 25. Bxf5 Rh5 26. Qc2 Qh6 27. Qc7+ 1-0

[Event "Montcalm 2 2007-08"]
[Site "Quebec CAN"]
[Date "2007.11.08"]
[Round "5"]
[White "Cummins, Paul"]
[Black "Chiffot, Nicolas"]
[Result "0-1"]
[WhiteElo "1736"]
[BlackElo "1918"]
[PlyCount "74"]
[GameId "2160767910578914"]
[EventDate "2007.10.11"]
[EventType "swiss"]
[EventRounds "5"]
[EventCountry "CAN"]
[SourceTitle "EXT 2022"]
[Source "ChessBase"]
[SourceDate "2021.10.06"]
[SourceVersion "1"]
[SourceVersionDate "2021.10.06"]
[SourceQuality "1"]

1. d4 Nf6 2. c4 g6 3. Nc3 Bg7 4. e4 d6 5. f3 e5 6. d5 Nh5 7. Be3 Na6 8. Qd2 Qh4+ 9. g3 Nxg3 10. Qf2 Nxf1 11. Qxh4 Nxe3 12. Qf2 Nb4 13. Rd1 a6 14. Ke2 Nxd1 15. Kxd1 Nd3 16. Qc2 Nf4 17. Kc1 O-O 18. Kb1 Bd7 19. h4 h5 20. Nge2 Rab8 21. Nxf4 exf4 22. Ne2 c5 23. Nxf4 b5 24. cxb5 Bxb5 25. Rg1 Bxb2 26. e5 Bxe5 27. Rxg6+ fxg6 28. Qxg6+ Bg7 29. Qe6+ Rf7 30. Qxd6 Rfb7 31. Kc1 Rb6 32. Qc7 Bh6 33. Kc2 Ba4+ 34. Kc3 Bg7+ 35. Kc4 Rb4+ 36. Kxc5 Bf8+ 37. d6 R8b5+ 0-1

[Event "Montcalm 2 2007-08"]
[Site "Quebec CAN"]
[Date "2007.11.08"]
[Round "5"]
[White "Lapierre, Gaetan"]
[Black "Caron, Sebastien"]
[Result "1/2-1/2"]
[WhiteElo "1847"]
[BlackElo "1931"]
[PlyCount "74"]
[GameId "2160767910578915"]
[EventDate "2007.10.11"]
[EventType "swiss"]
[EventRounds "5"]
[EventCountry "CAN"]
[SourceTitle "EXT 2022"]
[Source "ChessBase"]
[SourceDate "2021.10.06"]
[SourceVersion "1"]
[SourceVersionDate "2021.10.06"]
[SourceQuality "1"]

1. e4 g6 2. d4 Bg7 3. Nf3 d6 4. c4 Nf6 5. Nc3 O-O 6. Be2 Nbd7 7. O-O e5 8. dxe5 dxe5 9. Qc2 c6 10. b3 Qc7 11. h3 Re8 12. Be3 Nf8 13. Rfd1 Ne6 14. Bf1 Nf4 15. Kh2 h5 16. Rac1 Bf8 17. g3 Ne6 18. Ng5 Be7 19. Nxe6 Bxe6 20. Rd2 Rad8 21. Rcd1 Rxd2 22. Rxd2 Bb4 23. Bg2 Qa5 24. Rd3 Bxc3 25. Rxc3 a6 26. c5 Nh7 27. Rd3 Rd8 28. Bd2 Qc7 29. Bc3 f6 30. Qd2 Rxd3 31. Qxd3 Qd7 32. Qxd7 Bxd7 33. f4 exf4 34. gxf4 Kf7 35. Kg3 Nf8 36. Bf1 Be6 37. Bd3 Nd7 1/2-1/2

[Event "Montcalm 2 2007-08"]
[Site "Quebec CAN"]
[Date "2007.11.08"]
[Round "5"]
[White "Myre, Eric"]
[Black "Beauchemin, Pierre"]
[Result "1-0"]
[WhiteElo "1927"]
[BlackElo "1668"]
[PlyCount "47"]
[GameId "2160767910578916"]
[EventDate "2007.10.11"]
[EventType "swiss"]
[EventRounds "5"]
[EventCountry "CAN"]
[SourceTitle "EXT 2022"]
[Source "ChessBase"]
[SourceDate "2021.10.06"]
[SourceVersion "1"]
[SourceVersionDate "2021.10.06"]
[SourceQuality "1"]

1. d4 Nf6 2. c4 g6 3. Nc3 Bg7 4. e4 d6 5. f3 O-O 6. Be3 Na6 7. Bd3 c5 8. d5 Re8 9. Nge2 e6 10. O-O exd5 11. cxd5 Nc7 12. Qd2 Bd7 13. a4 b6 14. Rab1 a5 15. Nc1 Nfxd5 16. Bg5 Nf6 17. Bc4 Be6 18. Bb5 Nxb5 19. Nxb5 Bc4 20. Ra1 Bxb5 21. axb5 Re6 22. Ne2 Qc8 23. Nf4 Re8 24. Qxd6 1-0

[Event "Montcalm 2 2007-08"]
[Site "Quebec CAN"]
[Date "2007.11.08"]
[Round "5"]
[White "Sauve, Richard"]
[Black "Bonneau, Daniel"]
[Result "0-1"]
[WhiteElo "1956"]
[BlackElo "1996"]
[PlyCount "34"]
[GameId "2160767910578917"]
[EventDate "2007.10.11"]
[EventType "swiss"]
[EventRounds "5"]
[EventCountry "CAN"]
[SourceTitle "EXT 2022"]
[Source "ChessBase"]
[SourceDate "2021.10.06"]
[SourceVersion "1"]
[SourceVersionDate "2021.10.06"]
[SourceQuality "1"]

1. d4 Nf6 2. c4 g6 3. Nc3 Bg7 4. e4 d6 5. f3 O-O 6. Be3 c5 7. dxc5 dxc5 8. e5 Nfd7 9. f4 f6 10. exf6 Nxf6 11. Qxd8 Rxd8 12. Be2 Nc6 13. Nf3 Nd4 14. O-O-O Ng4 15. Bg1 Nxe2+ 16. Nxe2 Bxb2+ 17. Kc2 Bf5+ 0-1

[Event "Montcalm 3 2007-08"]
[Site "Quebec CAN"]
[Date "2007.11.15"]
[Round "1"]
[White "Auger, Bertrand"]
[Black "Boutin, Jean-Roger"]
[Result "1-0"]
[WhiteElo "2018"]
[BlackElo "1610"]
[PlyCount "81"]
[GameId "2160767910566087"]
[EventDate "2007.11.15"]
[EventType "tourn"]
[EventRounds "5"]
[EventCountry "CAN"]
[SourceTitle "EXT 2022"]
[Source "ChessBase"]
[SourceDate "2021.10.06"]
[SourceVersion "1"]
[SourceVersionDate "2021.10.06"]
[SourceQuality "1"]

1. Nf3 g6 2. g3 Bg7 3. d4 d5 4. Bg2 Nf6 5. c4 c6 6. O-O O-O 7. b3 Bf5 8. Bb2 dxc4 9. bxc4 Qb6 10. Qb3 Nbd7 11. Nbd2 Ne4 12. Rfd1 Rfd8 13. e3 c5 14. Nh4 Nxd2 15. Rxd2 cxd4 16. Nxf5 gxf5 17. exd4 Rab8 18. Qc2 e6 19. Rad1 Qc7 20. d5 Bxb2 21. Qxb2 Nf8 22. Qf6 b6 23. dxe6 Rxd2 24. exf7+ Qxf7 25. Qg5+ Qg6 26. Qxd2 Re8 27. Bd5+ Kg7 28. Re1 Rxe1+ 29. Qxe1 Qf6 30. f4 Qd4+ 31. Qf2 Qa1+ 32. Kg2 Qc3 33. Qe2 Kh6 34. h4 Ng6 35. h5 Nf8 36. Qe7 Qb2+ 37. Kh3 Qg7 38. Bf7 a5 39. Qd6+ Ng6 40. hxg6 hxg6 41. Qe7 1-0

[Event "Montcalm 3 2007-08"]
[Site "Quebec CAN"]
[Date "2007.11.15"]
[Round "1"]
[White "Bonneau, Daniel"]
[Black "Dumont, Eric"]
[Result "1-0"]
[WhiteElo "2034"]
[BlackElo "1620"]
[PlyCount "67"]
[GameId "2160767739706448"]
[EventDate "2007.11.15"]
[EventType "tourn"]
[EventRounds "5"]
[EventCountry "CAN"]

1. d4 f5 2. Nc3 Nf6 3. Bg5 e6 4. e4 fxe4 5. Bxf6 Qxf6 6. Nxe4 Qh6 7. Nf3 b6 8. Bd3 Bb7 9. Qe2 Be7 10. O-O O-O 11. c3 Nc6 12. b4 Rae8 13. b5 Nd8 14. a4 Nf7 15. a5 Nd6 16. axb6 axb6 17. Ra7 Nxe4 18. Bxe4 Bxe4 19. Qxe4 Rf4 20. Qe2 Qh5 21. Qe5 Qg4 22. h3 Qf5 23. Qxf5 Rxf5 24. Rxc7 Rxb5 25. Rxd7 Bf6 26. Nd2 e5 27. Ne4 Rb3 28. Ra1 exd4 29. Nxf6+ {+} gxf6 30. cxd4 Rd3 31. Raa7 Rd1+ {+} 32. Kh2 Rde1 33. Rg7+ {+} Kf8 34. Raf7# 1-0

[Event "Montcalm 3 2007-08"]
[Site "Quebec CAN"]
[Date "2007.11.15"]
[Round "1"]
[White "Cournoyer, Dominic"]
[Black "Laferriere, Mathieu"]
[Result "1-0"]
[WhiteElo "1931"]
[BlackElo "1549"]
[PlyCount "55"]
[GameId "2160767739706449"]
[EventDate "2007.11.15"]
[EventType "tourn"]
[EventRounds "5"]
[EventCountry "CAN"]

1. c4 f5 2. Nc3 Nf6 3. Nf3 g6 4. g3 Bg7 5. Bg2 O-O 6. O-O d6 7. d3 Nbd7 8. Ng5 Nb6 9. Qb3 Kh8 10. c5 dxc5 11. Nf7+ {+} Rxf7 12. Qxf7 a6 13. Qb3 Qd6 14. Qc2 e5 15. a4 c6 16. a5 Nbd5 17. Na4 Bf8 18. Bg5 Be6 19. e4 Ne8 20. exd5 cxd5 21. Rac1 Rc8 22. Qb3 h6 23. Bd2 Nc7 24. Qb6 Qxb6 25. Nxb6 Rd8 26. b4 c4 27. dxc4 dxc4 28. Bc3 1-0